[Event "1MCR_3DE_1L_1S"]
[Site "?"]
[Date "2005.??.??"]
[Round "1"]
[White "Bares, Jiri"]
[Black "Mezera, Lukas"]
[Result "1-0"]
[WhiteElo "2174"]
[BlackElo "2266"]
[PlyCount "77"]
[EventDate "2005.??.??"]
[EventType "corr"]
[SourceDate "2005.03.20"]

1. d4 d5 2. c4 e6 3. Nc3 c6 4. e3 Nf6 5. Nf3 Nbd7 6. cxd5 exd5 7. Bd3 Bd6 8.
Qc2 O-O 9. O-O Re8 10. Re1 Nf8 11. h3 Be6 12. Bd2 h6 13. Ne5 Bxe5 14. dxe5 N6d7
15. f4 Nc5 16. e4 dxe4 17. Bxe4 Nxe4 18. Nxe4 Bf5 19. Qc3 Bxe4 20. Rxe4 Re7 21.
Be3 Rd7 22. f5 Rd3 23. Qe1 Qd5 24. Qh4 Nd7 25. Bd4 Nc5 26. Rf4 Rd8 27. Bc3 Rd7
28. Raf1 Kh7 29. Re1 b6 30. Qg4 Rd1 31. Rff1 Rxe1 32. Rxe1 Kg8 33. e6 fxe6 34.
fxe6 Re7 35. Bf6 Qd2 36. Qg3 Qxe1+ 37. Qxe1 Rxe6 38. Qg3 Rxf6 39. Qb8+ 1-0

[Event "1MCR_3DE_1L_1S"]
[Site "?"]
[Date "2005.??.??"]
[Round "1"]
[White "Svoboda, Frantisek"]
[Black "Vozda, Jindrich"]
[Result "1/2-1/2"]
[WhiteElo "2391"]
[BlackElo "2494"]
[PlyCount "83"]
[EventDate "2005.??.??"]
[EventType "corr"]
[SourceDate "2005.03.20"]

1. c4 e5 2. Nc3 d6 3. g3 Nf6 4. Bg2 Be7 5. Nf3 O-O 6. d4 Nbd7 7. O-O Re8 8. b3
c6 9. Qc2 Bf8 10. Bb2 a6 11. Rad1 exd4 12. Nxd4 g6 13. e4 Qc7 14. Nde2 Rb8 15.
Qc1 b6 16. Kh1 b5 17. cxb5 axb5 18. Nd4 Qb6 19. Nxc6 Qxc6 20. e5 Qa6 21. exf6
Bb7 22. Bxb7 Qxb7+ 23. Kg1 Ra8 24. Qc2 Nxf6 25. Nxb5 Ne4 26. Nc3 Qc6 27. Qd3
Nxc3 28. Bxc3 Rxa2 29. Rfe1 Qc5 30. Bd4 Rxe1+ 31. Rxe1 Qd5 32. Re3 Ra8 33. Qd1
Bg7 34. Rd3 Be5 35. Bc3 Qb5 36. Rd5 Qb8 37. Bd4 Kg7 38. h3 h6 39. Bxe5+ dxe5
40. Qb1 Ra3 41. b4 Qb6 42. Rc5 1/2-1/2

[Event "1MCR_3DE_1L_2S"]
[Site "?"]
[Date "2005.??.??"]
[Round "2"]
[White "Paukert, Martin"]
[Black "Janous, Petr"]
[Result "1-0"]
[WhiteElo "2074"]
[BlackElo "2270"]
[PlyCount "61"]
[EventDate "2005.??.??"]
[EventType "corr"]
[SourceDate "2005.03.20"]

1. f4 e5 2. fxe5 d6 3. exd6 Bxd6 4. Nf3 Nf6 5. e3 Ng4 6. Qe2 Nc6 7. Nc3 O-O 8.
d3 Re8 9. Bd2 Bb4 10. a3 Bxc3 11. bxc3 Qf6 12. O-O-O Na5 13. e4 Qd6 14. Kb2
Qb6+ 15. Ka1 Qc5 16. Bc1 Qxc3+ 17. Bb2 Qc5 18. Re1 c6 19. h3 Nf6 20. Qd2 b6 21.
g4 Be6 22. Kb1 Rad8 23. Qb4 Nb7 24. Nd4 Bd7 25. Bg2 a5 26. Qd2 b5 27. Rhf1 a4
28. Rxf6 gxf6 29. Nf5 Bxf5 30. gxf5 Kf8 31. e5 1-0

[Event "1MCR_3DE_1L_3S"]
[Site "?"]
[Date "2005.??.??"]
[Round "3"]
[White "Zednik, Martin"]
[Black "Cakl, Zdenek"]
[Result "1/2-1/2"]
[WhiteElo "2077"]
[BlackElo "2139"]
[PlyCount "80"]
[EventDate "2005.??.??"]
[EventType "corr"]
[SourceDate "2005.03.20"]

1. e4 c5 2. Nf3 Nc6 3. d4 cxd4 4. Nxd4 d6 5. Nc3 Nf6 6. Bg5 e6 7. Qd2 Be7 8.
O-O-O Nxd4 9. Qxd4 O-O 10. f4 Qa5 11. Bc4 h6 12. Bh4 e5 13. fxe5 dxe5 14. Qd3
b5 15. Nxb5 Rb8 16. Nc3 Qb4 17. Bb3 Be6 18. Bxf6 Bxf6 19. Nd5 Bxd5 20. Qxd5 a5
21. Qc4 Qb6 22. Rd7 Qf2 23. g3 Rb4 24. Qd3 a4 25. Bc4 Qc5 26. b3 Rbb8 27. Kb1
axb3 28. cxb3 Ra8 29. a4 Qb6 30. Qd6 Qe3 31. Rf1 Ra7 32. Rxa7 Qxa7 33. Rxf6
gxf6 34. Qxf6 Qg1+ 35. Qf1 Qxh2 36. g4 Kg7 37. a5 Qd2 38. a6 Qd4 39. Qf3 Qa7
40. Qf5 f6 1/2-1/2

[Event "1MCR_3DE_1L_2S"]
[Site "?"]
[Date "2005.??.??"]
[Round "2"]
[White "Cakl, Miloslav"]
[Black "Trcka, Vaclav"]
[Result "0-1"]
[WhiteElo "1907"]
[BlackElo "2175"]
[PlyCount "76"]
[EventDate "2005.??.??"]
[EventType "corr"]
[SourceDate "2005.03.20"]

1. e4 e5 2. Nf3 Nc6 3. Bc4 Bc5 4. b4 Bxb4 5. c3 Ba5 6. d4 exd4 7. O-O Nf6 8.
cxd4 d5 9. exd5 Nxd5 10. Qb3 Be6 11. Qxb7 Ndb4 12. Bb5 O-O 13. Bxc6 Rb8 14.
Qxa7 Nxc6 15. Qc5 Bd5 16. Ba3 Qd7 17. Nbd2 Rfd8 18. Rfc1 Qg4 19. h3 Qe6 20. Nb3
Bxf3 21. gxf3 Nxd4 22. Nxd4 Qg6+ 23. Kf1 Bb6 24. Qf5 Bxd4 25. Qxg6 fxg6 26.
Rab1 Rxb1 27. Rxb1 Ra8 28. Rb3 Bf6 29. Bb2 Rxa2 30. Bxf6 gxf6 31. Rd3 Ra8 32.
Rd7 Rc8 33. Ke2 c5 34. Kd3 c4+ 35. Kc3 Rc5 36. Rd8+ Kf7 37. f4 Rh5 38. Kxc4
Rxh3 0-1

[Event "1MCR_3DE_1L_3S"]
[Site "?"]
[Date "2005.??.??"]
[Round "3"]
[White "Cakl, Zdenek"]
[Black "Svrsek, Radomir"]
[Result "1-0"]
[WhiteElo "2139"]
[BlackElo "2190"]
[PlyCount "87"]
[EventDate "2005.??.??"]
[EventType "corr"]
[SourceDate "2005.03.20"]

1. e4 c6 2. d4 d5 3. e5 Bf5 4. Nf3 e6 5. Be2 c5 6. c3 Nc6 7. O-O cxd4 8. Nxd4
Nxd4 9. cxd4 Ne7 10. Be3 Nc6 11. Nc3 Be7 12. Bg4 Bxg4 13. Qxg4 Bf8 14. Rfc1 h5
15. Qg3 h4 16. Qh3 f5 17. g4 g6 18. Ne2 Qd7 19. Rc2 Qf7 20. g5 Be7 21. Rac1 Bd8
22. a3 a5 23. a4 Nb4 24. Rd2 Na2 25. Rc5 Nb4 26. Rd1 Qd7 27. Rb5 Nc6 28. Rc1
Rh7 29. Rb3 Be7 30. Rbc3 Bb4 31. R3c2 Be7 32. f4 Nb4 33. Rc7 Qxa4 34. Rxb7 Qb3
35. Nc3 Qxb2 36. Nb5 Rd8 37. Qf1 Kf8 38. Rcc7 Qb3 39. Bd2 Rg7 40. Na7 Re8 41.
Nc8 h3 42. Nd6 Rd8 43. Kf2 Qd1 44. Qxd1 1-0

[Event "1MCR_3DE_1L_3S"]
[Site "?"]
[Date "2005.??.??"]
[Round "3"]
[White "Portych, Vaclav"]
[Black "Nepustil, Frantisek"]
[Result "0-1"]
[WhiteElo "2024"]
[BlackElo "2200"]
[PlyCount "72"]
[EventDate "2005.??.??"]
[EventType "corr"]
[SourceDate "2005.03.20"]

1. c4 e5 2. Nc3 Bb4 3. Nf3 Bxc3 4. dxc3 Qe7 5. g3 d6 6. b4 Nc6 7. Bg2 f5 8. e3
e4 9. Nd4 Ne5 10. Bf1 Nf6 11. Be2 O-O 12. b5 Qf7 13. Qb3 Nfd7 14. a4 Nc5 15.
Qa2 Ncd3+ 16. Kf1 c5 17. bxc6 bxc6 18. f4 exf3 19. Nxf3 Ba6 20. Nxe5 Nxe5 21.
c5 Bxe2+ 22. Kxe2 d5 23. Kf2 Rae8 24. Rf1 f4 25. exf4 Qh5 26. Kg1 Nf3+ 27. Kh1
Nh4 28. gxh4 Re2 29. Be3 Rxa2 30. Rxa2 Qg6 31. Bd4 Rxf4 32. Re1 Qh5 33. Rg2 g6
34. Rb1 a5 35. Rb8+ Kf7 36. Ra8 Qf3 0-1

[Event "1MCR_3DE_1L_3S"]
[Site "?"]
[Date "2005.??.??"]
[Round "3"]
[White "Nepustil, Frantisek"]
[Black "Sykora, Josef"]
[Result "1-0"]
[WhiteElo "2200"]
[BlackElo "2394"]
[PlyCount "97"]
[EventDate "2005.??.??"]
[EventType "corr"]
[SourceDate "2005.03.20"]

1. e4 c6 2. d4 d5 3. exd5 cxd5 4. c3 Nc6 5. Nf3 Nf6 6. Bf4 a6 7. Na3 Bg4 8. h3
Bh5 9. g4 Bg6 10. Ne5 e6 11. h4 Bxa3 12. bxa3 Nxe5 13. dxe5 Qc7 14. Rh3 h6 15.
exf6 Qxf4 16. fxg7 Rg8 17. Qd4 Qxd4 18. cxd4 Rxg7 19. Rc1 f6 20. f4 e5 21. dxe5
fxe5 22. f5 Bh7 23. Be2 h5 24. Re3 e4 25. f6 Rd7 26. Rec3 Bg6 27. Bd1 Kf7 28.
g5 Ke6 29. Ba4 b5 30. Bb3 Kf5 31. Ke2 Rad8 32. Rc6 a5 33. Rf1+ Kg4 34. Rg1+ Kf5
35. f7 Rxf7 36. Rf1+ Kg4 37. Rxg6 Rxf1 38. Kxf1 Kxh4 39. Bd1 b4 40. a4 Rd7 41.
Rg8 Kg3 42. Bxh5 Rh7 43. Bd1 Rh1+ 44. Ke2 Kf4 45. g6 Rh2+ 46. Kf1 Kg5 47. g7
Rh7 48. Bb3 d4 49. Bd5 1-0

[Event "1MCR_3DE_1L_3S"]
[Site "?"]
[Date "2005.??.??"]
[Round "3"]
[White "Peroutik, Jiri"]
[Black "Sykora, Josef"]
[Result "0-1"]
[WhiteElo "1822"]
[BlackElo "2394"]
[PlyCount "78"]
[EventDate "2005.??.??"]
[EventType "corr"]
[SourceDate "2005.03.20"]

1. e4 c6 2. d4 d5 3. exd5 cxd5 4. c3 Nc6 5. Nf3 Nf6 6. Bf4 a6 7. Ne5 Bf5 8. Nd2
Nxe5 9. dxe5 Nd7 10. Be2 e6 11. Nf3 Bc5 12. O-O O-O 13. Nd4 Bg6 14. Qd2 Qc7 15.
Qe3 Rac8 16. h4 Be4 17. Rad1 b5 18. Qg3 Kh8 19. Bg4 Qb8 20. Kh1 h6 21. f3 Bh7
22. Bxe6 fxe6 23. Nxe6 Rf7 24. Rxd5 Bb6 25. Rd6 Nf8 26. Nd4 Bc5 27. Rxa6 Qb7
28. Ra5 Qb6 29. Qg4 Bxd4 30. Qxc8 Qxa5 31. e6 Rxf4 32. g3 Bc5 33. Qxc5 Nxe6 34.
Qc8+ Rf8 35. Qxe6 Bg8 36. Qc6 b4 37. cxb4 Qxb4 38. Qc3 Qb8 39. Kh2 Bxa2 0-1

[Event "1MCR_3DE_1L_1S"]
[Site "?"]
[Date "2005.??.??"]
[Round "1"]
[White "Necesany, Zdenek"]
[Black "Hruby, Jaromil"]
[Result "1-0"]
[WhiteElo "2215"]
[BlackElo "2053"]
[PlyCount "115"]
[EventDate "2005.??.??"]
[EventType "corr"]
[SourceDate "2005.03.20"]

1. d4 d5 2. c4 e6 3. Nc3 c6 4. Nf3 Nf6 5. Bg5 h6 6. Bh4 Be7 7. e3 O-O 8. Qc2
Nbd7 9. Rd1 Nb6 10. b3 dxc4 11. bxc4 c5 12. Be2 Nbd7 13. O-O cxd4 14. exd4 b6
15. d5 exd5 16. cxd5 Qc7 17. Qb3 a6 18. Ne4 Nc5 19. Nxc5 Qxc5 20. Ne5 Nd7 21.
Rc1 Qd6 22. Nc4 Qb4 23. Bxe7 Qxe7 24. Bf3 Rb8 25. Rfe1 Qf6 26. Rcd1 Rd8 27. d6
Nc5 28. Qe3 Bf5 29. Ne5 Rxd6 30. Rxd6 Qxd6 31. Nc6 Rb7 32. Ne7+ Rxe7 33. Qxe7
Qxe7 34. Rxe7 Kf8 35. Rc7 Bd7 36. Bc6 Be6 37. a3 g6 38. Kf1 Kg7 39. Bf3 Bd7 40.
Ke2 h5 41. Bd5 g5 42. Ke3 Kf6 43. f4 gxf4+ 44. Kxf4 h4 45. Ra7 a5 46. Ra8 Ke7
47. Rh8 b5 48. Rxh4 b4 49. axb4 Nd3+ 50. Kg5 f6+ 51. Kg6 Nxb4 52. Re4+ Kd6 53.
Ba8 Bb5 54. Kxf6 Kc5 55. Re5+ Kb6 56. Re3 Nd3 57. Be4 Nb2 58. h4 1-0

[Event "1MCR_3DE_1L_1S"]
[Site "?"]
[Date "2005.??.??"]
[Round "1"]
[White "Tomisek, Petr"]
[Black "Hruby, Jaromil"]
[Result "0-1"]
[WhiteElo "2170"]
[BlackElo "2053"]
[PlyCount "72"]
[EventDate "2005.??.??"]
[EventType "corr"]
[SourceDate "2005.03.20"]

1. e4 c5 2. d4 cxd4 3. c3 Nf6 4. e5 Nd5 5. Qxd4 e6 6. Nf3 Nc6 7. Qe4 f5 8. Qe2
Qc7 9. g3 d6 10. exd6 Bxd6 11. Bg2 O-O 12. O-O Nf6 13. Nbd2 e5 14. Nc4 e4 15.
Ng5 h6 16. Rd1 Bc5 17. b4 Bxf2+ 18. Kxf2 hxg5 19. Bxg5 Be6 20. Bf4 Qf7 21. Ne3
Rac8 22. Kg1 Ne7 23. Rac1 Ned5 24. Nxd5 Bxd5 25. Qf2 Rfe8 26. Qxa7 e3 27. Bxd5
Nxd5 28. Qd4 e2 29. Re1 Re4 30. Qd3 Nxf4 31. gxf4 Qg6+ 32. Kh1 Rce8 33. a4 Qh6
34. Ra1 Qxf4 35. a5 Re3 36. Qd5+ R8e6 0-1

[Event "1MCR_3DE_1L_1S"]
[Site "?"]
[Date "2005.??.??"]
[Round "1"]
[White "Lounek, Jan"]
[Black "Hruby, Jaromil"]
[Result "1-0"]
[WhiteElo "2380"]
[BlackElo "2053"]
[PlyCount "93"]
[EventDate "2005.??.??"]
[EventType "corr"]
[SourceDate "2005.03.20"]

1. e4 c5 2. Nf3 d6 3. d4 cxd4 4. Nxd4 Nf6 5. Nc3 a6 6. Be3 Nbd7 7. g4 d5 8. Nb3
Nxe4 9. Nxd5 e6 10. Nb6 Rb8 11. Nxc8 Rxc8 12. Bg2 Nd6 13. O-O Qc7 14. Bf4 e5
15. Re1 Nc4 16. Qf3 Bb4 17. c3 Be7 18. Bg3 b5 19. a4 bxa4 20. Rxa4 a5 21. Ra2
a4 22. Nd4 Ncb6 23. Nf5 Kf8 24. Nxe7 Kxe7 25. Raa1 h5 26. g5 h4 27. Bf4 Kf8 28.
Be3 Kg8 29. Bh3 Rb8 30. Bxd7 Nxd7 31. Rxa4 Nf8 32. Rd1 h3 33. Ra7 Qc4 34. Rd5
Rh7 35. Qxf7+ Kh8 36. Rd2 Qe4 37. Kf1 g6 38. Qf6+ Kg8 39. Rxh7 Kxh7 40. Qf7+
Kh8 41. Ke2 Qc6 42. Rd4 Rxb2+ 43. Kd3 Qa6+ 44. c4 Rb3+ 45. Ke4 Qb7+ 46. Qxb7
Rxb7 47. Kxe5 1-0

[Event "1MCR_3DE_1L_2S"]
[Site "?"]
[Date "2005.??.??"]
[Round "2"]
[White "Klimecky, Tomas"]
[Black "Binas, Jindrich"]
[Result "0-1"]
[WhiteElo "1800"]
[BlackElo "2114"]
[PlyCount "78"]
[EventDate "2005.??.??"]
[EventType "corr"]
[SourceDate "2005.03.20"]

1. e4 c5 2. c3 Nf6 3. e5 Nd5 4. Nf3 Nc6 5. Bc4 Nb6 6. Bb3 c4 7. Bc2 d6 8. exd6
Qxd6 9. d4 cxd3 10. Qxd3 Qxd3 11. Bxd3 g6 12. Be4 Bf5 13. Bxf5 gxf5 14. Na3 e6
15. Nb5 O-O-O 16. Bg5 Rd5 17. a4 Rg8 18. Be3 Nc4 19. Nxa7+ Nxa7 20. Bxa7 Ra5
21. Bd4 e5 22. b3 exd4 23. bxc4 dxc3 24. Rg1 Bg7 25. Ke2 Rc5 26. Kd3 Rd8+ 27.
Kc2 Rxc4 28. a5 Rd5 29. Rge1 Rb4 30. Ra2 Rb2+ 31. Rxb2 cxb2 32. Rb1 Rc5+ 33.
Kb3 Rxa5 34. Kc2 Rc5+ 35. Kd1 b5 36. Kd2 b4 37. h3 b3 38. Kd3 Rc1 39. Nd2 Kb7
0-1

[Event "1MCR_3DE_1L_1S"]
[Site "?"]
[Date "2005.??.??"]
[Round "1"]
[White "Alexa, Jaroslav"]
[Black "Tomisek, Petr"]
[Result "1-0"]
[WhiteElo "2341"]
[BlackElo "2170"]
[PlyCount "81"]
[EventDate "2005.??.??"]
[EventType "corr"]
[SourceDate "2005.03.20"]

1. d4 Nf6 2. Nf3 g6 3. c4 Bg7 4. Nc3 d6 5. e4 O-O 6. Be2 e5 7. O-O Nc6 8. d5
Ne7 9. b4 Nh5 10. Re1 f5 11. Ng5 Nf6 12. Bf3 c6 13. Be3 Kh8 14. a4 f4 15. Bc1
Ne8 16. c5 Ng8 17. Ne6 Bxe6 18. dxe6 Qe7 19. Qb3 Nc7 20. cxd6 Qxd6 21. Bg4 Nf6
22. Bh3 Rfe8 23. Bxf4 exf4 24. e5 Qe7 25. exf6 Bxf6 26. Rad1 Rad8 27. Rxd8 Rxd8
28. Ne4 Bd4 29. b5 cxb5 30. axb5 Rd5 31. Rd1 Rxb5 32. Qa4 Be5 33. g3 Qb4 34.
Qc2 Rd5 35. Rb1 Qe7 36. Rxb7 a5 37. Kg2 Rd4 38. Nd2 Rb4 39. Ra7 Rb2 40. Qe4 Qc5
41. e7 1-0

[Event "1MCR_3DE_1L_2S"]
[Site "?"]
[Date "2005.??.??"]
[Round "2"]
[White "Sedlaty, Martin"]
[Black "Hlavac, Frantisek"]
[Result "1/2-1/2"]
[WhiteElo "1800"]
[BlackElo "2355"]
[PlyCount "88"]
[EventDate "2005.??.??"]
[EventType "corr"]
[SourceDate "2005.03.20"]

1. d4 Nf6 2. c4 c5 3. Nf3 g6 4. Nc3 Bg7 5. e4 cxd4 6. Nxd4 Nc6 7. Be3 Ng4 8.
Qxg4 Nxd4 9. Qd1 Nc6 10. c5 Qa5 11. Qd2 O-O 12. Nd5 Qxd2+ 13. Kxd2 Bxb2 14. Rb1
Be5 15. f4 Bb8 16. Bb5 Kg7 17. Rhd1 Re8 18. Kc3 e6 19. Nb4 e5 20. f5 Nd4 21.
Bxd4 exd4+ 22. Kxd4 Bxh2 23. g4 b6 24. c6 dxc6 25. Bxc6 Rd8+ 26. Bd5 Bb7 27.
f6+ Kxf6 28. Rf1+ Kg5 29. Rxf7 Bxd5 30. Nxd5 h6 31. Rh1 Bg3 32. Rg7 Rg8 33.
Rh5+ Kxg4 34. Rxg8 Rxg8 35. Rxh6 Bf2+ 36. Kd3 Rg7 37. Rh2 Bg3 38. Ne3+ Kf3 39.
Rh8 Rf7 40. Rg8 Bf4 41. Nd5 g5 42. Kd4 Bc1 43. e5 Bb2+ 44. Kc4 Bxe5 1/2-1/2

[Event "1MCR_3DE_1L_1S"]
[Site "?"]
[Date "2005.??.??"]
[Round "1"]
[White "Hruby, Jaromil"]
[Black "Pecka, Josef"]
[Result "0-1"]
[WhiteElo "2053"]
[BlackElo "2309"]
[PlyCount "126"]
[EventDate "2005.??.??"]
[EventType "corr"]
[SourceDate "2005.03.20"]

1. e4 e5 2. Nf3 Nc6 3. Bb5 a6 4. Ba4 Nf6 5. O-O Be7 6. Re1 b5 7. Bb3 O-O 8. h3
Bb7 9. d3 d6 10. a3 Na5 11. Ba2 c5 12. Nbd2 Bc8 13. Nb1 Bb7 14. Nc3 Nc6 15. Nd5
Nxd5 16. Bxd5 Qc7 17. Nh2 Bc8 18. Nf1 Be6 19. Be3 Bd8 20. Qf3 Bxd5 21. exd5 Ne7
22. a4 Qb7 23. Bg5 Ng6 24. Bxd8 Raxd8 25. Ne3 f5 26. axb5 axb5 27. Ra2 Ra8 28.
Rea1 Rxa2 29. Rxa2 Ne7 30. c4 bxc4 31. dxc4 Ng6 32. Nf1 e4 33. Qc3 Nf4 34. Kh2
Nd3 35. b3 Qe7 36. Re2 Qg5 37. Qd2 Qh4 38. Ng3 g6 39. Qc3 Qf4 40. Qd2 Qxd2 41.
Rxd2 Rb8 42. f3 Rxb3 43. fxe4 f4 44. Nf1 Rc3 45. Ra2 Rxc4 46. Nd2 Rc1 47. g3
fxg3+ 48. Kxg3 c4 49. Nf3 c3 50. Nd4 Nb4 51. Ra8+ Kg7 52. Ra7+ Kf6 53. Rd7 Re1
54. Rxd6+ Ke5 55. Nf3+ Kxd6 56. Nxe1 c2 57. Nxc2 Nxc2 58. Kg4 h6 59. Kf4 Na1
60. Kf3 Ke5 61. Kg3 Nb3 62. Kf2 Kxe4 63. d6 Nc5 0-1

[Event "1MCR_3DE_1L_3S"]
[Site "?"]
[Date "2005.??.??"]
[Round "3"]
[White "Portych, Vaclav"]
[Black "Svrsek, Radomir"]
[Result "1-0"]
[WhiteElo "2024"]
[BlackElo "2190"]
[PlyCount "121"]
[EventDate "2005.??.??"]
[EventType "corr"]
[SourceDate "2005.03.20"]

1. c4 Nf6 2. Nc3 e5 3. g3 Bc5 4. Bg2 O-O 5. e3 Nc6 6. Nge2 Re8 7. d3 d6 8. O-O
a6 9. a3 Qd7 10. b4 Bb6 11. d4 Qg4 12. c5 Ba7 13. dxe5 dxe5 14. e4 Be6 15. Nd5
Rad8 16. Nxf6+ gxf6 17. Qc2 Qh5 18. Be3 f5 19. Rad1 Rxd1 20. Rxd1 fxe4 21. Bxe4
f5 22. Bg2 Qf7 23. Rd2 e4 24. Nd4 Nxd4 25. Bxd4 Bd5 26. Bb2 c6 27. Qc3 Qg6 28.
Bf1 Bb8 29. Bc4 Be5 30. Bxd5+ cxd5 31. Qb3 Bxb2 32. Qxd5+ Qf7 33. Qxf7+ Kxf7
34. Rxb2 Rd8 35. Kf1 Rd3 36. a4 Ke6 37. b5 Kd7 38. bxa6 bxa6 39. Rb6 a5 40. Rb5
Kc6 41. Rxa5 Rf3 42. Kg2 Ra3 43. Ra7 Kxc5 44. Ra5+ Kd4 45. Rxf5 Rxa4 46. g4 Ra2
47. Rf7 e3 48. Rf3 exf2 49. Rxf2 Ra3 50. Rf3 Ra7 51. Kg3 Ke4 52. Rf5 Rb7 53.
Kh4 Rb2 54. h3 Rb3 55. Rf6 Kd5 56. g5 Ke4 57. Rf7 Ke5 58. Rxh7 Ke6 59. Kg4 Rd3
60. h4 Rd5 61. Kh5 1-0

[Event "1MCR_3DE_1L_3S"]
[Site "?"]
[Date "2005.??.??"]
[Round "3"]
[White "Portych, Vaclav"]
[Black "Mika, Petr"]
[Result "1/2-1/2"]
[WhiteElo "2024"]
[BlackElo "1715"]
[PlyCount "87"]
[EventDate "2005.??.??"]
[EventType "corr"]
[SourceDate "2005.03.20"]

1. c4 Nf6 2. Nc3 c6 3. Nf3 e6 4. g3 d5 5. cxd5 exd5 6. Bg2 Bb4 7. O-O Bf5 8.
Qb3 Qe7 9. d4 Nbd7 10. Nh4 Bg4 11. h3 Be6 12. a3 Bxc3 13. Qxb7 Rb8 14. Qxa7
Bxb2 15. Rb1 Bxd4 16. Rxb8+ Nxb8 17. Qxd4 c5 18. Qa4+ Qd7 19. Qc2 O-O 20. Bb2
Ne4 21. Bxe4 dxe4 22. Qxc5 Bxh3 23. Rc1 f6 24. Ng2 Rc8 25. Qxc8+ Qxc8 26. Rxc8+
Bxc8 27. f3 exf3 28. exf3 Bb7 29. Kf2 Kf7 30. a4 Nc6 31. Nf4 g5 32. Nd3 h5 33.
Bc3 Ne7 34. a5 Nd5 35. Nc5 Bc6 36. Bd4 Ke7 37. a6 Nc7 38. Be3 Nd5 39. Bd4 Nc7
40. Bc3 Kd6 41. Bb4 Kd5 42. Ne4 Nxa6 43. Bc3 h4 44. Bxf6 1/2-1/2

[Event "1MCR_3DE_1L_3S"]
[Site "?"]
[Date "2005.??.??"]
[Round "3"]
[White "Valak, Alois"]
[Black "Portych, Vaclav"]
[Result "1-0"]
[WhiteElo "2250"]
[BlackElo "2024"]
[PlyCount "131"]
[EventDate "2005.??.??"]
[EventType "corr"]
[SourceDate "2005.03.20"]

1. e4 c5 2. Nf3 Nc6 3. d4 cxd4 4. Nxd4 Nf6 5. Nc3 e5 6. Ndb5 d6 7. Bg5 a6 8.
Na3 b5 9. Nd5 Be7 10. Bxf6 Bxf6 11. c3 O-O 12. Nc2 Bg5 13. a4 bxa4 14. Rxa4 a5
15. Bc4 Rb8 16. b3 Kh8 17. Nce3 Bxe3 18. Nxe3 f5 19. exf5 Bxf5 20. Qd5 Qc7 21.
Nxf5 Rxf5 22. O-O Rbf8 23. f3 Rf4 24. Raa1 R4f6 25. Kh1 h6 26. Rfb1 Rc8 27. Rd1
Qb6 28. Ra4 Qb8 29. Qb5 Qc7 30. Bd5 Ne7 31. Rc4 Qb8 32. Rxc8+ Qxc8 33. Bb7 Qd8
34. c4 Rf8 35. c5 Nf5 36. cxd6 Nxd6 37. Qc5 Rf6 38. Be4 Qe7 39. Bc2 Qd8 40. Kg1
Re6 41. Rd5 Kg8 42. Bf5 Rf6 43. Bd3 Qb8 44. h3 Re6 45. Qxa5 Qxb3 46. Qd8+ Ne8
47. Bf5 Qe3+ 48. Kh1 Qc1+ 49. Rd1 Qc6 50. Bxe6+ Qxe6 51. Rd7 Kf8 52. Qc8 Qb6
53. Rd8 Qg6 54. Qc5+ Kf7 55. Qxe5 Qc6 56. f4 Nf6 57. f5 Qc4 58. Ra8 Qc6 59.
Ra7+ Kg8 60. Qe6+ Qxe6 61. fxe6 Kf8 62. Rf7+ Kg8 63. Rxf6 gxf6 64. Kh2 Kf8 65.
Kg3 Ke7 66. Kg4 1-0

[Event "1MCR_3DE_1L_3S"]
[Site "?"]
[Date "2005.??.??"]
[Round "3"]
[White "Portych, Vaclav"]
[Black "Sykora, Josef"]
[Result "0-1"]
[WhiteElo "2024"]
[BlackElo "2394"]
[PlyCount "88"]
[EventDate "2005.??.??"]
[EventType "corr"]
[SourceDate "2005.03.20"]

1. c4 Nf6 2. Nc3 e5 3. Nf3 Nc6 4. g3 d5 5. cxd5 Nxd5 6. Bg2 Nb6 7. O-O Be7 8.
a3 O-O 9. b4 Be6 10. d3 a5 11. b5 Nd4 12. Nd2 Qd7 13. Bxb7 Rab8 14. Bg2 Nxb5
15. Nxb5 Qxb5 16. a4 Qd7 17. Bb2 f6 18. Bc3 Bb4 19. Bxb4 axb4 20. Ne4 Bf7 21.
a5 Nd5 22. a6 Rb6 23. d4 c6 24. dxe5 fxe5 25. Qd3 Kh8 26. Ng5 Bg8 27. e4 Nf6
28. Qxd7 Nxd7 29. Nf3 b3 30. Nd2 c5 31. Bh3 Nf6 32. Ra3 Ra8 33. f4 h5 34. fxe5
Ng4 35. Ra5 Raxa6 36. Rxc5 b2 37. Bxg4 hxg4 38. Rc8 Kh7 39. Kf2 Ba2 40. Ke3
Ra3+ 41. Kd4 Rb4+ 42. Kc5 Rb7 43. Kc6 Re7 44. Rb8 Rc3+ 0-1

[Event "1MCR_3DE_1L_1S"]
[Site "?"]
[Date "2005.??.??"]
[Round "1"]
[White "Svoboda, Frantisek"]
[Black "Pecka, Josef"]
[Result "1-0"]
[WhiteElo "2391"]
[BlackElo "2309"]
[PlyCount "97"]
[EventDate "2005.??.??"]
[EventType "corr"]
[SourceDate "2005.03.20"]

1. c4 Nf6 2. Nc3 e5 3. Nf3 Nc6 4. g3 d5 5. cxd5 Nxd5 6. Bg2 Nxc3 7. bxc3 e4 8.
Ng1 f5 9. f3 e3 10. Nh3 exd2+ 11. Bxd2 Bd6 12. Bf4 Ne5 13. O-O Qe7 14. Re1 Be6
15. Kh1 O-O 16. e4 fxe4 17. Rxe4 Qf6 18. Ng5 Bf7 19. Be3 Qf5 20. f4 Ng4 21.
Nxf7 Rxf7 22. Bg1 Bf8 23. Re1 c6 24. Be4 Qc8 25. Qc2 g6 26. Bd3 Nf6 27. f5 g5
28. Rad1 Bg7 29. Bc4 Nd5 30. Rxd5 cxd5 31. Bxd5 Qd7 32. Qe4 Rd8 33. Be6 Qe7 34.
Bxa7 Bxc3 35. Rc1 Bb2 36. Rc2 Bf6 37. Bb6 Rd1+ 38. Kg2 Kg7 39. h4 Qd6 40. hxg5
Bxg5 41. f6+ Kh6 42. Bc5 Qd3 43. Qxd3 Rxd3 44. Bxf7 Bxf6 45. Bf8+ Bg7 46. Bxg7+
Kxg7 47. Rc7 Rd2+ 48. Kh3 b5 49. Bb3+ 1-0

[Event "1MCR_3DE_1L_1S"]
[Site "?"]
[Date "2005.??.??"]
[Round "1"]
[White "Pauschek, Roman"]
[Black "Vozda, Jindrich"]
[Result "0-1"]
[WhiteElo "2172"]
[BlackElo "2494"]
[PlyCount "86"]
[EventDate "2005.??.??"]
[EventType "corr"]
[SourceDate "2005.03.20"]

1. d4 e6 2. c4 Nf6 3. Nc3 Bb4 4. Qc2 O-O 5. a3 Bxc3+ 6. Qxc3 b6 7. Bg5 Bb7 8.
e3 d6 9. Ne2 Nbd7 10. Qd3 Re8 11. Nc3 h6 12. Bh4 Nf8 13. O-O-O Ng6 14. Bg3 Qe7
15. h4 Nf8 16. h5 a6 17. Bh4 b5 18. e4 e5 19. g4 bxc4 20. Qxc4 exd4 21. Qxd4
Bxe4 22. Bxf6 Qxf6 23. Qxf6 gxf6 24. Rg1 Kg7 25. Rg3 Nd7 26. b4 Bb7 27. f4 a5
28. b5 Rad8 29. Bc4 Nb6 30. Bb3 d5 31. Rgd3 Re6 32. f5 Re5 33. Rd4 c5 34. bxc6
Bxc6 35. Kd2 Kf8 36. Rb1 Ke7 37. Ba2 Nd7 38. Bb3 Kd6 39. Ba4 Kc5 40. Kd3 Re7
41. Rxd5+ Bxd5 42. Rb5+ Kd6 43. Rxa5 Ne5+ 0-1

[Event "1MCR_3DE_1L_1S"]
[Site "?"]
[Date "2005.??.??"]
[Round "1"]
[White "Vozda, Jindrich"]
[Black "Pecka, Josef"]
[Result "1-0"]
[WhiteElo "2494"]
[BlackElo "2309"]
[PlyCount "103"]
[EventDate "2005.??.??"]
[EventType "corr"]
[SourceDate "2005.03.20"]

1. e4 e6 2. d4 d5 3. Nc3 Nf6 4. e5 Nfd7 5. f4 c5 6. Nf3 Nc6 7. Be3 cxd4 8. Nxd4
Bc5 9. Qd2 O-O 10. g3 a6 11. Bg2 Nxd4 12. Bxd4 Bxd4 13. Qxd4 Nb8 14. O-O Nc6
15. Qf2 Bd7 16. Ne2 f6 17. exf6 Rxf6 18. c3 Be8 19. Rfe1 Bf7 20. Nd4 g5 21. f5
Nxd4 22. Qxd4 Rxf5 23. Bh3 Rf6 24. Re5 Rg6 25. Rae1 Qd7 26. Bg4 Rf8 27. c4 Qc7
28. c5 a5 29. a3 a4 30. Bd1 Rc8 31. Bh5 Rg7 32. Bxf7+ Rxf7 33. Rxg5+ Rg7 34.
Rxg7+ Qxg7 35. Qxa4 e5 36. Qd1 Rd8 37. Qh5 e4 38. Rf1 Qg6 39. Qe5 Qg7 40. Qe6+
Kh8 41. b4 d4 42. Rf7 Qg5 43. Qxe4 Qc1+ 44. Kg2 Qd2+ 45. Kf1 Qc1+ 46. Kf2 Qd2+
47. Qe2 Qh6 48. h4 d3 49. Qe7 Ra8 50. Qd6 Qxd6 51. cxd6 Kg8 52. Rxb7 1-0

[Event "1MCR_3DE_1L_2S"]
[Site "?"]
[Date "2005.??.??"]
[Round "2"]
[White "Paukert, Martin"]
[Black "Klimecky, Tomas"]
[Result "1-0"]
[WhiteElo "2074"]
[BlackElo "1800"]
[PlyCount "65"]
[EventDate "2005.??.??"]
[EventType "corr"]
[SourceDate "2005.03.20"]

1. f4 c5 2. e4 Nc6 3. Nf3 g6 4. Nc3 Bg7 5. g3 e6 6. d3 Nge7 7. Bg2 O-O 8. O-O
d5 9. h3 h6 10. Qe1 Nd4 11. Qf2 Qb6 12. Nd1 Nxf3+ 13. Bxf3 Bd7 14. g4 dxe4 15.
dxe4 Bd4 16. Ne3 Bb5 17. Rd1 Ba4 18. Re1 Rad8 19. c3 Bg7 20. g5 hxg5 21. fxg5
f5 22. gxf6 Rxf6 23. Ng4 Rf7 24. Nh6+ Bxh6 25. Bxh6 Qc7 26. Qg2 e5 27. Bg4 Qb6
28. Rf1 c4+ 29. Kh2 Rh7 30. Bh5 Rd6 31. Qf3 Rd8 32. Rf2 Qd6 33. Raf1 1-0